La contratación en las corporaciones locales / por Luis Arce Monzón
Descripción Física:
254 p. ; 21 cm
Colección:
Serie manuales prácticos
MARC
| LEADER | 00000nam a2200000Ia 4500 | ||
|---|---|---|---|
| 001 | 1197 | ||
| 008 | 160829s9999 xx 000 0 cat d | ||
| 080 | |a M-2-299 (En préstec temporal a l'Arxiu del Rellotge) | ||
| 100 | |a Arce Monzón, Luis |9 46515 | ||
| 245 | |a La contratación en las corporaciones locales / por Luis Arce Monzón | ||
| 260 | |a Madrid : |b Instituto de Estudios de Administración Local, dl 1969 | ||
| 300 | |a 254 p. ; |c 21 cm | ||
| 490 | |a Serie manuales prácticos | ||
| 590 | |a Índexs. | ||
| 590 | |a Notes. | ||
| 590 | |a Conté legislació i jurisprudència. | ||
| 590 | |a Inclou formularis | ||
| 650 | 0 | |a Administració local |9 34286 | |
| 650 | |a Contractes administratius |x Espanya |9 23438 | ||
| 710 | 2 | |a Instituto de Estudios de Administración Local (Espanya) |9 54775 | |
| 901 | |a Arxiu | ||
| 942 | |n 1 | ||
| 952 | |0 0 |1 0 |4 0 |6 M2299_EN_PRÉSTEC_TEMPORAL_A_LARXIU_DEL_RELLOTGE |7 1 |9 53256 |a Arxiu |b Arxiu |d 2016-12-01 |l 0 |o M-2-299 (En préstec temporal a l'Arxiu del Rellotge) |p 1197 |r 2016-12-01 00:00:00 |w 2016-12-01 |y ARXIU | ||
| 999 | |c 57120 |d 57120 | ||